000
00160 a2200085 4500
041
_a
spa
100
_a
Wilford, judy
245
_a
El exprto en patineta
942
_c
BK
999
_c
9916
_d
9916